000 00596nam a2200217Ia 4500
005 20230513104215.0
008 131103s9999 xx 000 0 und d
040 _aLoreto College
041 _aEnglish
082 _a823.91
_bJAM-JEF
100 _aJefferson, D. W
245 _aHenry James
_cD. W.Jefferson
260 _aLondon
_bOliver and boyd
_c1966
300 _a120p.
440 _aWriters and critics
504 _aIncludes bibliographical references and index
650 _aJames, Henry - ciriticism
651 _aEnglish fiction - ciriticism
850 _aLCLIB
942 _cBK
999 _c22485
_d72964